| 000 | 01756cam a22004094a 4500 | ||
|---|---|---|---|
| 999 |
_c533018 _d533018 |
||
| 001 | 13403656 | ||
| 003 | NUST | ||
| 005 | 20191210123935.0 | ||
| 008 | 031114s2004 nyuab b 001 0ceng | ||
| 010 | _a 2003067483 | ||
| 020 | _a0385508441 | ||
| 038 | _aM.Ramzan | ||
| 040 |
_aDLC _cDLC _dDLC |
||
| 042 | _apcc | ||
| 043 | _ae-dk--- | ||
| 050 | 0 | 0 |
_aQB36.B8 _bG55 2004 |
| 082 | 0 | 0 |
_a520.922 _aB _222 |
| 100 | 1 |
_aGilder, Joshua. _926681 |
|
| 245 | 1 | 0 |
_aHeavenly intrigue : _bJohannes Kepler, Tycho Brahe, and the murder behind one of history's greatest scientific discoveries / _cJoshua Gilder and Anne-Lee Gilder. |
| 250 | _a1st ed. | ||
| 260 |
_aNew York : _bDoubleday : _c2004. |
||
| 300 |
_axii, 304 p. : _bill., maps ; _c22 cm. |
||
| 504 | _aIncludes bibliographical references (p. [286]-296) and index. | ||
| 600 | 1 | 0 |
_aBrahe, Tycho, _d1546-1601 _xDeath and burial. _926682 |
| 600 | 1 | 0 |
_aKepler, Johannes, _d1571-1630. _926683 |
| 650 | 0 |
_aAstronomers _zDenmark _vBiography. _926684 |
|
| 650 | 0 |
_aScience _xHistory _y17th century. _926685 |
|
| 650 | 0 |
_aScience, Renaissance. _926686 |
|
| 700 | 1 |
_aGilder, Anne-Lee. _926687 |
|
| 856 | 4 | 2 |
_3Contributor biographical information _uhttp://www.loc.gov/catdir/bios/random055/2003067483.html |
| 856 | 4 | 1 |
_3Sample text _uhttp://www.loc.gov/catdir/samples/random051/2003067483.html |
| 856 | 4 | 1 |
_3Table of contents _uhttp://www.loc.gov/catdir/toc/fy045/2003067483.html |
| 856 | 4 | 2 |
_3Publisher description _uhttp://www.loc.gov/catdir/description/random0415/2003067483.html |
| 906 |
_a7 _bcbc _corignew _d1 _eocip _f20 _gy-gencatlg |
||
| 942 |
_2ddc _cBK |
||